|
|
|
|
| LEADER |
00000nam a2200000 i 4500 |
| 001 |
1/85700 |
| 008 |
990702s1992 eng d |
| 020 |
|
|
|a 0-7201-2022-5
|
| 035 |
|
|
|l 10051905
|
| 040 |
|
|
|a GR-MY-UA
|b gre
|e aacr
|
| 041 |
0 |
|
|a eng
|
| 082 |
0 |
|
|a 015.4052
|
| 100 |
1 |
|
|a Thomson, Ian
|d 1953-
|
| 245 |
1 |
4 |
|a The documentation of the European communities :
|b a guide /
|c Ian Thomson
|
| 260 |
|
|
|a London :
|b Mansell,
|c 1992
|
| 300 |
|
|
|a 382 p.
|
| 504 |
|
|
|a Includes index
|
| 650 |
0 |
0 |
|a European communities
|x Bibliography.
|
| 651 |
|
0 |
|a European Economic Community countries
|x Bibliography.
|
| 852 |
|
|
|a INST
|b LESVOS
|e 19990702
|h 015.4052 THO
|p 005100019906
|q 005100019906
|t REF
|y 23
|
| 901 |
|
|
|a BIBL1-1999-2
|
| 909 |
|
|
|a Λ
|b 062814
|
| 922 |
|
|
|a 1ΕΛΗ
|b 199812
|c ΚΠΣ/ΚΥΒ
|d LEADER
|
| 950 |
|
|
|a 023-1998-09-14
|
| 970 |
|
|
|a ΜΟΥΣΤΑΚΑ
|b ΠΗΝΕΛΟΠΗ
|z 1999/07/08
|